000 00799cab a2200253 4500
001 WB3113-49
008 090401t xxu||||| |||| 00| 0 eng d
035 _a(Sirsi) u41214
041 _aeng
245 _aMilk quotas
260 _c(PR30/95RUR) 23 March 1995(2)
350 _a0
490 _aRICS Press Release
_v(PR30/95RUR) 23 March 1995(2)
520 _aRICS research supports the view that the dairy industry is becoming smaller through the restrictive effect of milk quotas which are distorting the balance between domestic supply and demand.
650 _aDAIRY INDUSTRY
650 _aMILK MARKET
650 _aMILK QUOTAS
650 _aNORTHERN FOODS
650 _aRICS COMMENT
650 _aSUPPLY AND DEMAND
690 _aRURAL PRACTICE
942 _n0
948 _c04/03/1997
999 _c26480
_d26480